Quizzes
Events
Quiz Creation
Community
Videos
Private Events
Remove Ads
Sign In
Join for FREE
Feedback
Dark Mode
Quiz Categories
Sports
Geography
Music
Movies
Television
Just For Fun
Miscellaneous
History
Literature
Language
Science
Gaming
Entertainment
Religion
Holiday
For Kids
Quiz Lab
Recent
Popular Today
Quiz Kudos Today
Editor Picks
Curator Picks
Quizzes by...
Day
Popularity
Type
Ratings
Length
Year
Community
Subscriptions
Recent Discussions
Orange Saloon
Badges
Playlists
Quests
Create
Leaderboards
Showdown
Live 5
Trivia Bingo
Activity
Puzzle Library
Sporcle Events
Private Events
Virtual Trivia
Globe League
Become a Host
Pub Owners
SporcleCon
Opinionation
Our Games
Videos
Blog
Mobile Apps
Partnerships
Remove Ads and Go Orange
Feedback
Sports
Athletes
MLB
NBA
NHL
NFL
Soccer
Sports Teams
WWE
NCAA
Football
Premier League
Basketball
Baseball
Hockey
Golf
Tennis
Cricket
Rugby
Auto Racing
Olympics
World Cup
Sports
Athletes
MLB
NBA
NHL
NFL
Soccer
Sports Teams
WWE
NCAA
Football
Premier League
Basketball
Baseball
Hockey
Golf
Tennis
Cricket
Rugby
Auto Racing
Olympics
World Cup
Random Quiz
Search Sporcle
×
Quiz Lab
Quiz Lab
Sports
Baseball
Type in answers that appear in a list
Type in answers that appear in a list
Classic
Best Score? Go Orange.
MLB teams by clue Stats
Can you name the MLB teams by clue?
By
dwelti1
7m
30 Questions
602 Plays
602 Plays
602 Plays
Comments
Comments
Give Quiz Kudos
Give Quiz Kudos
-
- Ratings
hide this ad
Forced Order
Answers have to be entered in order
Answers have to be entered in order
Replay
Link that replays current quiz
Next Quiz
Link to next quiz in quiz playlist
You Got
0%
They Got
Avg Score
69%
Avg Friend Score
Upgrade to see
Score Distribution
Jump to the score distribution portion of the page
Score
0/30
Timer
07:00
0
Plays Today
Clue
Team
% Correct
Siberian, Bengal, Saber-
tooth
Tigers
88.8%
Masters of barley and hops
Brewers
84.8%
National park employees
Rangers
84.3%
Two in the same
Twins
84%
Hung by the chimney with care
Red Sox
82.7%
Father? Si
Padres
80.7%
Fast moving aquatic
Marlins
79.7%
Against the Confederates
Yankees
77%
Courageous
Braves
75.2%
of great size or importance
Giants
73.2%
Hoists the Jolly Roger
Pirates
71.8%
Run, jump, throw, kick
Athletics
71.5%
Traces of light
Rays
70.3%
Travelers of the seven seas
Mariners
70.2%
Urban dwellers
Mets
69.8%
Clue
Team
% Correct
Rugged terrain
Rockies
69.5%
Communists
Reds
69.2%
Bleached hosiery
White Sox
69%
Michael, Gabriel, Cherubim
Angels
67.7%
Countrymen fighting for change
Nationals
66.5%
Jetson's family canine
Astros
64.7%
Mumbai residents
Indians
64.5%
Boys' youth group
Cubs
62.7%
US draftee in Canada
Dodgers
60%
Vatican workers
Cardinals
58.8%
Leno in a state of sadness
Blue Jays
57.8%
Blue blood
Royals
55.8%
Young horse
Phillies
55.7%
Dorsal gem
Diamondbacks
52.3%
First R & B vocal group
Orioles
43.3%
Quiz Playlist
Details
Report
Send in Message
Add To Playlist
Classic:
Type in answers that appear in a list
Forced Order:
Answers have to be entered in order
Last Updated: Feb 16, 2017
Quiz Scoreboard
CHALLENGE
Sign Up to Join the Scoreboard
Show All
Scores
Hide
Comments
May contain spoilers
Recently Published
One Thing in Common: World Cities II
by knightlancer
Geography
7m
Popular People in 1961
by mucciniale
History
6m
1-10 Letter E Words III
by El_Dandy
Language
2m
More to Explore
Quiz From the Vault
Featured Blog Post
Where Did the Easter Bunny Come From?
hide this ad
You Might Also Like...
Tags
Baseball Quiz
MLB Quiz
team
Today's Top Quizzes in Sports
Browse Sports
hide this ad
Today's Top Quizzes in Baseball
Browse Baseball
Top Contributed Quizzes in Sports
1
Les meilleurs buteurs des matchs entre le PSG et l’OM
2
Les entraîneurs de l'OM et du PSG au 21e siècle
3
2022 World Cup Stars
4
FIFA Club World Cup Champions
5
Name the Premier League winners with different clubs
6
La finale Lions - Afrique du Sud 2021
7
Criteria MLB: Left Handed Sluggers
8
Players with Multiple 50 Home Run Seasons
9
MLB Players with Two .350 Batting Average Seasons
10
MLB Hall of Famer by Rings
Explore More
Trending Topics
Harry Potter
Anime
Disney
NBA
Kpop
Marvel
Crossword
Soccer
Country
WWE
Song
Pokémon
Puzzle
NFL
The Office
hide this ad
More By:
dwelti1
Quiz
Plays
Rating
Category
Featured
Created
NCAA football teams by clue III
1,719
2.38
Sports
Nov 1, 2009
NCAA Football teams by clue
1,493
2.75
Sports
Oct 28, 2009
NHL teams by clue
745
3.92
Sports
Oct 23, 2009
NBA teams by clue
684
3.21
Sports
Oct 23, 2009
NCAA football teams by clue II
605
2.50
Sports
Oct 29, 2009
Go to Creator's Profile
Score Distribution
Quiz Creator Spotlight
dwelti1
Follow
Send a Message
Quizzes Created
-
Created Quiz Play Count
-
More By This Creator
Popular Quizzes Today
1
Find the US States - No Outlines Minefield
2
The Countries of the World
3
Find the Countries of Europe - No Outlines Minefield
4
Popular People in 1961
5
1-10 Letter E Words III
6
Find the US States
7
One Thing in Common: World Cities II
8
US States
More Sports Quizzes
States with 3+ Final Four Teams
Curator's Pick
Trending Quizzes
Risky Map Clicking: Least Populous States A-Z
1-10 Letter F Words
1-10 Letter G Words
One Thing in Common: United Kingdom
Risky Map Clicking: Next State Alphabetically
Recently Updated
Leaping Animals
pecheneg
Reality TV Shows (A-Z)
bhenderson79
Rickey Henderson's Hall of Fame Teammates
pecheneg
Champions League XIs: Arsenal
pecheneg
Quick Pick: Celebrities in WWE's Hall of Fame
aduchscher
A-Z Keypad Blitz II
pecheneg
Multiple Oscar Actors
pecheneg
Mystery Phrase Blitz: Oscar 'Best Actors'
pecheneg
F. Scott Fitzgerald Novels
LTH
Pick 3 Villains
ddd62291
Trending Topics
Crossword
Disney
Anime
Marvel
NBA
Harry Potter
Kpop
WWE
Soccer
Pokémon
Song
Country
NFL
The Office
Puzzle
Your Account Isn't Verified!
In order to create a playlist on Sporcle, you need to verify the email address you used during registration. Go to your
Sporcle Settings
to finish the process.
Report this User
Report this user for behavior that violates our
Community Guidelines
.
Details:
Send Report
Go to the Sporcle.com Mobile Site →
Comments